00406 a2200121 4500001001000000005001700010008004100027245006700068100002200135700001800157773009200175999001700267ART_4507820260410162038.0260409a 10aHacia una transformación económica de la Patagonia Austral1 aSchinelle, Daniel1 aVacca, Carlos0 tRevista de estudios regionales y mercado de trabajog- N° 3 (ene./dic. 2007)wREV44894 c34648d34648